000 00315nam a22001337a 4500
020 _a81-8022-057-4
082 _a000
_bPRI/D
100 _aPRIORITY PUBLICATIONS
245 _aDOING WORD ( PRESENT)
260 _aINDIA
_bPRIORITY PUBLICATIONS
300 _a12
650 _aLITTLE BOOK OF GRAMMAR
_zINDIA
942 _cBK
999 _c4642
_d4642